Statistiques concernant Pièces de Molière

Cliquez ici pour prendre le quiz!

Statistiques générales

  • Ce quiz a été pris 1 368 fois
    (872 depuis la dernière actualisation)
  • Le résultat moyen est 13 sur 33

Statistiques - réponses

Pièces de Molière% Correct
33Le malade imaginaire
91%
25L'avare
84%
28Le bourgeois gentilhomme
77%
30Les fourberies de Scapin
70%
19Le médecin malgré lui
68%
15Tartuffe ou l'imposteur
68%
16Dom Juan ou le festin de pierre
65%
10L'école des femmes
65%
32Les femmes savantes
65%
18Le misanthrope ou l'atrabilaire amoureux
62%
5Les précieuses ridicules
60%
8L'école des maris
39%
24George Dandin ou le mari confondu
34%
1Le médecin volant
34%
6Sganarelle ou le cocu imaginaire
32%
26Monsieur de Pourceaugnac
28%
11La critique de l'école des femmes
27%
17L'amour médecin
27%
23Amphitryon
26%
12L'impromptu de Versailles
25%
29Psyché
24%
31La comtesse d'Escarbagnas
23%
2La jalousie du barbouillé
23%
9Les fâcheux
23%
20Mélicerte
22%
21Pastorale comique
22%
13Le mariage forcé
21%
14La princesse d'Elide
20%
22Le sicilien ou l'amour peintre
20%
3L'étourdi ou les contretemps
19%
7Dom Garcie de Navarre ou le prince jaloux
18%
4Le dépit amoureux
18%
27Les amants magnifiques
18%

Distribution des résultats

Percentile par nombre de réponses

% des personnes avec chaque résultat

Votre développement - résultats

Vous n’avez pas pris ce quiz depuis la dernière actualisation